| 000 | 00410nam a22001577a 4500 | ||
|---|---|---|---|
| 005 | 20260109150007.0 | ||
| 008 | 260109b |||||||| |||| 00| 0 eng d | ||
| 020 | _a979-8-88704-390-6 | ||
| 100 | _aBAKIBINGA, DAVID J. | ||
| 245 | _aCOMPANY LAW IN EAST AFRICA | ||
| 260 |
_bNOTION PRESS _c2022 |
||
| 300 | _a555P. | ||
| 500 | _aINCLUDES INDEX | ||
| 650 | _aCORPORATION LAW - EAST AFRICA | ||
| 942 |
_2lcc _cBK |
||
| 999 |
_c216443 _d216443 |
||